000 00449ntaaa2200181 4500
003 01
005 20251027201618.0
008 0714s1973 ag 01
040 _aAR-BaBN
_bspa
_cAR-BaBN
_eaacr
_dRIC
082 _a248.2700 Sa6
100 _aSapp, Phyllis Woodruff
_914862
245 _aLife at its best
250 _a1 ed.
260 _aNashville :
_bConvention Press,
_cc1963
300 _ax, 97 p
500 _a"Lo mejor de la vida"
942 _cBK
999 _c10759
_d10759